Quiz Cultura Generale - Quiz n°106 - Statistics

Statistiche generali
  • Questo quiz è stato fatto 99 volte
  • Il punteggio medio è 11 su 15
Statistiche sulle risposte
Domanda Risposta % Corretto
Come si traduce in italiano il termine inglese "key"? Chiave
98%
Quanti numeri primi ci sono tra 0 e 10? 4
92%
Chi è il curato che avrebbe dovuto sposare Renzo e Lucia nei Promessi Sposi? Don Abbondio
91%
In quale paese nacque Ludwig von Beethoven? Germania
91%
Qual è la capitale della Tunisia? Tunisi
88%
In quale stato odierno si trova Machu Pichu? Perù
84%
Quale capoluogo fu colpito da un fortissimo terremoto il 6 aprile 2009? L'Aquila
83%
Quante vertebre cervicali si trovano nello scheletro umano? 7
81%
Com'è detta una foce di un fiume che si ramifica formando più canali e isolotti? Foce a delta
81%
Quale alfabeto è usato in Bulgaria? Alfabeto cirillico
74%
Di che colore sono i classici taxi di New York? Giallo
74%
Quale solido si ottiene dalla rotazione di un triangolo rettangolo lungo un suo cateto? Cono
58%
In quale regione si trova il Palazzo Ducale dei Montefeltro? Marche
50%
Chi ha affrescato la Cappella degli Scrovegni di Padova? Giotto
44%
Quale orifizio mette in comunicazione l'esofago con lo stomaco? Cardias
13%
Nessun quiz corrispondente trovato
Distribuzione punteggi
Percentuale di utenti per punteggio
Percentile per numero di risposta
I tuoi punteggi nel tempo
Non hai fatto questo quiz